| 000 | 00708cab a2200253 4500 | ||
|---|---|---|---|
| 001 | X1434 | ||
| 008 | 090401t1994 xxu||||| |||| 00| 0 eng d | ||
| 035 | _a(Sirsi) u17081 | ||
| 041 | _aeng | ||
| 245 | _aCattle documents will need fuller identification details | ||
| 260 | _c1994 | ||
| 350 | _a0 | ||
| 490 |
_aCSM (Chartered Surveyor Monthly) _v3(7) April 1994, 17(1) |
||
| 650 | _aCATTLE | ||
| 650 | _aENTRY FORM FOR VENDORS | ||
| 650 | _aIDENTIFICATION DOCUMENTS | ||
| 650 | _aIDENTIFICATION | ||
| 650 | _aLIVESTOCK AUCTIONEERING | ||
| 650 | _aMODEL FORMS | ||
| 650 | _aSKILLS PANELS | ||
| 690 | _aMANAGEMENT-BUSINESS MANAGEMENT-PROFESSIONAL PRACTICE | ||
| 942 | _n0 | ||
| 948 | _c04/03/1997 | ||
| 999 |
_c11319 _d11319 |
||